Guess the country from the Wikipedia description - Statistics

General Stats
  • This quiz has been taken 21 times
  • The average score is 11 of 22
Answer Stats
Hint Answer % Correct
It is the only Central American state without access to the Pacific Ocean. Belize
95%
The settlement of Hedeby in southern Jutland has become an important trading hub Denmark
95%
It is the country with the lowest population density in the world. Mongolia
85%
considered the cradle of Western civilization, the birthplace of democracy and Western philosophy, the basic principles of the physical and mathematical sciences, theater Greece
75%
65 % of its territory is covered by permafrost Russia
75%
The official language of the country is Dutch. Along with him, the local population speaks the following languages: Akurio, Aravai, Wai Wai, Varava Suriname
75%
The territory of the country has a predominantly flat terrain. Most of it is located on the Middle Danube plain. Hungary
70%
It is characterized by significant ethnocultural diversity. About 88% of the population professes Islam, making the country the country with the largest Muslim population in the world. Indonesia
70%
The fighting in the country ended in February 1973 with the signing of the Vientiane Agreement Laos
60%
The country's situation worsened due to the rupture of relations between the PRC and the USSR, which began in 1960. North Korea
60%
In 1961 The United States of America has severed diplomatic relations with the country Cuba
55%
From 1962 to 2011, the country was ruled by a military junta and was half isolated from the rest of the world. In the early 2000s, democratization began in the state Myanmar
55%
During colonial times, the country was a British protectorate called "Bechuanaland" Botswana
50%
The most significant environmental problem is the continuing decline in the level of the Aral Sea Uzbekistan
50%
the only state located in two pairs of hemispheres of the Earth at once Kiribati
45%
The country is located in the southwestern Pacific Ocean in the Polynesian triangle in the central region of the hemisphere of water New Zealand
45%
In 1918-19, there were strikes by miners, textile workers and port workers, which sometimes escalated into armed clashes with government troops. The workers were supported by the students, who advocated the reform of the education system, and some of the military personnel. Under these conditions, financier Augusto Legia carried ou t a coup and established a regime of personal dictatorship Peru
15%
In 2004, the district was granted a "special administrative status" according to the Protocol on the Settlement of the Abyei Conflict Sudan
15%
The country is often called the "Land of Two Shrines" Saudi Arabia
10%
Plateaus and mountains make up about 90% of the country's territory. Almost half of its surface is occupied by the vast, high Meseta plateau Spain
10%
as an integral state education, it probably appeared in the X—XI centuries. Ban was at the head of this state. Bosnia and Herzegovina
5%
In 2004, work related to the nuclear program was carried out in more than 10 locations in the country. In 2004, the country recognized the violation of the non-proliferation regime and announced the termination of secret programs Libya
5%
No matching quizzes found
Score Distribution
Percent of People with Each Score
Percentile by Number Answered
Your Score History
You have not taken this quiz